000 00535nam a22001817a 4500
003 CEME
005 20210628201748.0
008 210216b xxu||||| |||| 00| 0 eng d
020 _a81-7648-253-6
040 _c.
082 _a004 BAN
100 _aBansal, S.K
_956725
245 _aInformation technology and globalisation
260 _aNEW DELHI
_bA.P.H PUBLISHER
_c2001
300 _a306P
650 _aINFORMATION MANAGEMENT NETWORK COMMUNICATIONS GLOBALISATION OF COMMUNICATION IT AND GLOBALISATION
_956726
942 _cBK
_2ddc
999 _c567084
_d567084